Le siècle des primitifs flamands

Αποθηκεύτηκε σε:
Λεπτομέρειες βιβλιογραφικής εγγραφής
Μορφή: Βιβλίο
Γλώσσα:Γαλλικά
Έκδοση: Brujas Ville de Bruges 1960
Έκδοση:2a. ed
Θέματα:
Ετικέτες: Προσθήκη ετικέτας
Δεν υπάρχουν, Καταχωρήστε ετικέτα πρώτοι!

MARC

LEADER 00000nam a2200000 a 4500
001 UCZ4122
003 CL-VaPUC
008 951106e19600000BE |||||||||||||||||fre|d
082 0 4 |a 708.44  |b SIE  |2 21 
245 1 3 |a Le siècle des primitifs flamands 
250 |a 2a. ed 
300 |a 260 p 
942 |c BK 
945 |d 19951106 00:00:00  |a rleighto 
260 |a Brujas  |b Ville de Bruges  |c 1960 
650 0 |a Museos de arte  |9 265235 
650 0 |a Bellas artes  |9 334299 
650 0 |a Obras de arte  |9 337253 
650 7 |a EXPOSICIONES ARTISTICAS  |2 CL-VaPUC  |9 348062 
650 7 |a EXPOSICIONES CULTURALES  |2 CL-VaPUC  |9 348063 
650 0 |a Colecciones artísticas   |9 348038 
651 7 |a FLANDES  |2 CL-VaPUC  |9 347270 
651 7 |a BELGICA  |2 CL-VaPUC  |9 315122 
583 |a last modification  |c 19951106 00:00:00  |k Rodrigo Vera 
999 |c 240541  |d 240539 
952 |0 0  |1 0  |4 0  |6 708_440000000000000_SIE_1960  |7 0  |8 A  |9 252473  |a BIBART  |b BIBART  |d 2019-11-18  |i 3143023  |o 708.44 SIE 1960  |p 3143023  |r 2025-03-13  |w 2019-11-18  |y BK  |k ART